The Most Average-Sized Countries - Statistics

General Stats
  • This quiz has been taken 18 times
  • The average score is 13 of 20
Answer Stats
Square KM Country % Correct
643,801 France
88%
652,864 Afghanistan
76%
580,367 Kenya
76%
783,562 Turkey
76%
603,550 Ukraine
76%
824,292 Namibia
71%
637,657 Somalia
71%
513,120 Thailand
71%
752,612 Zambia
71%
622,984 Central African Republic
65%
676,578 Myanmar
65%
947,303 Tanzania
65%
912,050 Venezuela
65%
756,102 Chile
59%
587,041 Madagascar
59%
799,380 Mozambique
59%
882,363 Pakistan
59%
644,329 South Sudan
59%
923,768 Nigeria
53%
582,000 Botswana
47%
No matching quizzes found
Score Distribution
Percent of People with Each Score
Percentile by Number Answered
Your Score History
You have not taken this quiz